Bonne orthographe #6 - Mort Subite - Statistiques

Statistiques générales
  • Ce quiz a été pris 236 fois
  • Le résultat moyen est 7 sur 30
Answers on the Grid
Answers color-coded by a green-red scale on the quiz's grid according to % correct below.
Véhément
Spiritueux
Agave
Culmination
Pamplemousse
Topaze
Abstrusion
Amphibologique
Plagiat
Analepse
Coprolalie
Échanson
Mansuétude
Oblatif
Palindrome
Loyer
Fioriture
Pouacre
Sardonyx
Sardonique
Vétuste
Stomoxe
Dictionnaire
Fjord
Sulfhémoglobine
Jacuzzi
Badger
Périssodactyle
Calligraphie
Ceinture
Armoirerie
Bandjo
Serrurrier
Huluberlu
Obsolessence
Imparigidité
Empyrhumatique
Chuchauter
Cent quatre-vingts-dix-sept
Embarquation
Thérnatique
Conier
Calendre
Calandrier
Impronctu
Potenciel
Distantiel
Incompréhencible
 
Statistiques - réponses
Réponse % Correct
Ceinture
57%
Loyer
54%
Dictionnaire
53%
Plagiat
48%
Jacuzzi
47%
Spiritueux
47%
Pamplemousse
44%
Fjord
40%
Vétuste
40%
Topaze
34%
Agave
32%
Calligraphie
31%
Véhément
29%
Badger
28%
Palindrome
27%
Fioriture
21%
Mansuétude
16%
Culmination
14%
Sardonique
13%
Analepse
11%
Échanson
9%
Oblatif
8%
Coprolalie
5%
Amphibologique
4%
Abstrusion
3%
Périssodactyle
3%
Pouacre
3%
Sulfhémoglobine
3%
Sardonyx
2%
Stomoxe
2%
Aucun quiz correspondant
Distribution des résultats
% des personnes avec chaque résultat
Percentile par nombre de réponses
Votre historique - résultats
Vous n’avez pas pris ce quiz